|
|
|
|
| LEADER |
00000nab#a22000007a#4500 |
| 001 |
arbauad000383 |
| 003 |
AR-BaUAD |
| 005 |
20250711110356.0 |
| 008 |
930531|||||||||###||||||b###|0###a|spa|| |
| 040 |
|
|
|a AR-BaUAD
|c AR-BaUAD
|b spa
|
| 100 |
|
|
|a Riambau, Esteve
|
| 245 |
|
|
|a Venecia 92 /
|c Esteve Riambau;
|
| 300 |
0 |
|
|b fot.
|
| 500 |
|
|
|a Incluye notas críticas de: Qui Ju da Guansi / de Zhang Yimou; Glengarry Glen Rose / de James Foley; L'absence / de Peter Handke; In the soup / de Alexander Rockwell; La peste / de Luis Puenzo; L-627 / de Bertrand Tavernier; Sevillanas / Saura, Carlos; Olivier, Olivier / de Agneszka Holland; Darwin / de Peter Greenaway; Gershwin / de Alain Resnais y otras.
|
| 653 |
|
|
|a CINE
|
| 653 |
|
|
|a FESTIVALES
|
| 653 |
|
|
|a FESTIVAL DE VENECIA
|
| 653 |
|
|
|a VENECIA
|
| 653 |
|
|
|a CRITICAS
|
| 653 |
|
|
|a PREMIOS
|
| 653 |
|
|
|a DIRECTORES DE CINE
|
| 653 |
|
|
|a LARGOMETRAJES
|
| 653 |
|
|
|a ARGENTINA
|
| 653 |
|
|
|a POLONIA
|
| 653 |
|
|
|a CHINA
|
| 653 |
|
|
|a ITALIA
|
| 653 |
|
|
|a ZHANG, YIMOU
|
| 653 |
|
|
|a FOLEY, JAMES
|
| 653 |
|
|
|a HANDKE, PETER
|
| 653 |
|
|
|a ROCKWELL, ALEXANDRE
|
| 653 |
|
|
|a PUENZO, LUIS
|
| 653 |
|
|
|a TAVERNIER, BERTRAND
|
| 653 |
|
|
|a SAURA, CARLOS
|
| 653 |
|
|
|a HOLLAND, AGNIESZKA
|
| 653 |
|
|
|a GREENAWAY, PETER
|
| 653 |
|
|
|a RESNAIS, ALAIN
|
| 773 |
0 |
|
|t DIRIGIDO
|g no. 206 [oct. 1992], p. 10-15
|
| 942 |
|
|
|c ARTI
|
| 952 |
|
|
|0 0
|1 0
|4 0
|7 0
|9 45304
|a AR-BAuAD
|b AR-BAuAD
|d 2025-07-11
|l 0
|p AAQA000383
|r 2025-07-11 11:03:56
|w 2025-07-11
|y ARTI
|
| 990 |
|
|
|a C199
|b TD
|
| 998 |
|
|
|a AAQ
|b BIBUN76
|
| 999 |
|
|
|c 24977
|d 24977
|